| 000 | 00624nam a22001697a 4500 | ||
|---|---|---|---|
| 003 | PILC | ||
| 005 | 20150309074353.0 | ||
| 008 | 150309b xxu||||| |||| 00| 0 eng d | ||
| 050 |
_aLC 3981 _b.R894 2014 |
||
| 100 | _aRubas, Andrea Bianca F. | ||
| 245 |
_aCoping mechanisms in the work place of sped education of Southville International School and Colleges / _cAndrea Bianca F. Rubas. |
||
| 260 |
_aLas PiƱas City, Philippines : _bSouthville International School and Colleges, _cc2014. |
||
| 300 |
_a93 pages : _billustrations ; _c28 cm. |
||
| 521 | _aSpecial Education | ||
| 650 | _aSpecial education. | ||
| 942 |
_2lcc _cTH |
||
| 999 |
_c283743 _d283743 |
||